| 000 | 00410ntaaa2200169 4500 | ||
|---|---|---|---|
| 003 | 01 | ||
| 005 | 20251027202807.0 | ||
| 008 | 0714s1973 ag 01 | ||
| 040 |
_aAR-BaBN _bspa _cAR-BaBN _eaacr _dRIC |
||
| 082 | _a863.0000 B38L | ||
| 100 | _aBécquer, Gustavo Adolfo | ||
| 245 | _aLeyendas | ||
| 250 | _a10 ed. | ||
| 260 |
_aBuenos Aires : _bEditorial Sopena Argentina, _c1973 |
||
| 300 | _a188 p | ||
| 942 | _cBK | ||
| 999 |
_c23264 _d23264 |
||